01069nam a2200265 a 450000500170000000800410001702000080005804100080006610000160007424500440009025000620013426000760019630000110027250000780028365300440036165300550040565300540046065300440051465300820055865300350064065300410067565300390071665300280075565300200078320240412132322.0100702t1972||||ag f |||| 001 0 spa d aS/N aspa1 aRoss, David aFundamentos de ética / cDavid Ross. a1a ed. bTraducción de Dionisia Rivero y Andrés Pirk. aBuenos Aires:bEditorial Universitaria de Buenos Aires (EUDEBA);c1972. a283 p. aRoss, D. (1972). Fundamentos de ética. (1a ed.). Buenos Aires : EUDEBA. aDefiniciones naturalistas de "correcto" 3aLa naturaleza de la corrección y la obligación aTeorías acerca del fundamento de la correción 3aLa obligación de cumplir las promesas aNaturaleza general de lo correcto. Consideración positiva de la cuestión. 3aEl conocimiento de lo correcto 3aLa psicología de la acción moral aIndeterminación e indeterminismo aNaturaleza de la bondad 3aLa bondad moral